Capoluoghi di Provincia contenenti la lettera T - Statistics

Statistiche generali
  • Questo quiz è stato fatto 108 volte
  • Il punteggio medio è 25 su 32
Statistiche sulle risposte
Lunghezza in lettere Capoluogo % Corretto
7 Trieste
98%
6 Torino
97%
7 Trapani
92%
7 Treviso
92%
5 Terni
90%
6 Trento
88%
7 Taranto
86%
8 Barletta
80%
7 Catania
80%
6 Teramo
80%
4 Asti
78%
8 Grosseto
78%
5 Trani
78%
9 Benevento
76%
13 Caltanissetta
76%
7 Crotone
76%
6 Latina
76%
6 Matera
76%
9 Agrigento
75%
9 Catanzaro
75%
7 Caserta
73%
7 Viterbo
73%
7 Pistoia
71%
5 Prato
71%
8 Macerata
69%
7 Potenza
69%
5 Aosta
68%
6 Chieti
66%
7 Mantova
66%
12 Vibo Valentia
66%
5 Rieti
61%
8 Oristano
58%
Nessun quiz corrispondente trovato
Distribuzione punteggi
Percentuale di utenti per punteggio
Percentile per numero di risposta
I tuoi punteggi nel tempo
Non hai fatto questo quiz